Máximos goleadores de la Ligue 1 2020-2021 - Estadísticas

Estadísticas generales
  • Esta prueba ha sido intentada 20 veces
  • La puntuación promedio es 6 de 11
Estadísticas de respuestas
Goles Nacionalidad Equipo Jugador % Correcto
27 Francia París Saint-Germain F. C. Kylian Mbappé
100%
20 Francia A. S. Mónaco F. C. Wissam Ben Yedder
94%
20 Países Bajos Olympique de Lyon Memphis Depay
83%
16 Alemania A. S. Mónaco F. C. Kevin Volland
67%
14 Camerún Olympique de Lyon Karl Toko Ekambi
56%
16 Turquía Lille O. S. C. Burak Yılmaz
50%
14 Senegal Stade de Reims Boulaye Dia
39%
15 Argelia Montpellier H. S. C. Andy Delort
28%
16 Francia R. C. Estrasburgo Ludovic Ajorque
22%
16 Francia Montpellier Hérault Sport Club Gaëtan Laborde
17%
14 Nigeria Football Club Lorient Terem Moffi
17%
No se encontraron pruebas coincidentes
Distribución de puntuación
Porcentaje de gente con cada puntuación
Porcentaje por número respondido
Historial de tus puntuaciones
No has intentado esta prueba.